000 01037nam0a2200301 4500
001 RU\NLR\bibl\555053
005 20260405173804.0
010 _a5-901582-17-9
_93000
021 _aRU
_b2004-50640
_92490
035 _a(NLR Aleph) 000547204
090 _a1449806
_c1449806
100 _a20040922d2004 |||y0rusy50 ca
101 1 _arus
_cger
102 _aRU
105 _ay |||||||||
200 1 _aСытый мир
_e[Роман]
_fХельмут Краусер
_g[Пер. с нем. Т.А. Набатникова]
210 _aСПб.
_cАмфора
_cRedfish
_d2004
215 _a430, [2] с.
_d21
225 1 _aШаги
_dShritte
_eШвейцария. Австрия. Германия
_eСоврем. лит.
686 _aШ6(4Ф)07-440.4[Лх1359.2-50}
700 1 _4070
_7ca
_8rus
_aКрауссер
_bГ.
_f1964-
_gГельмут
_958041
_3RU\NLR\auth\7775113
801 0 _aRU
_bNLR
_c20040922
_gPSBO
801 1 _aRU
_bNLR
_c20040922
830 _aАвт. по кн.
942 _cBOOK
980 _aNB